EL EJECUTIVO AL MINUTO EN FORMA (Registro nro. 35415)
[ vista simple ]
| 000 -LEADER | |
|---|---|
| fixed length control field | 00543nam a2200205 a 4500 |
| 001 - CONTROL NUMBER | |
| control field | 35415 |
| 005 - DATE AND TIME OF LATEST TRANSACTION | |
| control field | 20180714003740.0 |
| 008 - FIXED-LENGTH DATA ELEMENTS--GENERAL INFORMATION | |
| fixed length control field | 140415s1988 mx 000 0 spa d |
| 020 ## - INTERNATIONAL STANDARD BOOK NUMBER | |
| International Standard Book Number | 968419773X |
| 041 ## - LANGUAGE CODE | |
| Language code of text/sound track or separate title | spa |
| 082 ## - DEWEY DECIMAL CLASSIFICATION NUMBER | |
| Classification number | 658.4094 |
| Item number | BLA |
| 100 1# - MAIN ENTRY--PERSONAL NAME | |
| Personal name | Blanchard, Kenneth H.,. |
| 245 13 - TITLE STATEMENT | |
| Title | EL EJECUTIVO AL MINUTO EN FORMA |
| 250 ## - EDITION STATEMENT | |
| Edition statement | 1a ed. |
| 260 ## - PUBLICATION, DISTRIBUTION, ETC. | |
| Place of publication, distribution, etc. | MEXICO : |
| Name of publisher, distributor, etc. | GRIJALBO, |
| Date of publication, distribution, etc. | 1988 |
| 300 ## - PHYSICAL DESCRIPTION | |
| Extent | 191 |
| 650 14 - SUBJECT ADDED ENTRY--TOPICAL TERM | |
| Topical term or geographic name entry element | ADMINISTRACION |
| General subdivision | EJECUTIVOS |
| 700 1# - ADDED ENTRY--PERSONAL NAME | |
| Personal name | BRAVO, J. A. |
| Relator term | tr. |
| 700 1# - ADDED ENTRY--PERSONAL NAME | |
| Personal name | EDINGTON, D. W. |
| Relator term | coaut. |
| Withdrawn status | Lost status | Source of classification or shelving scheme | Damaged status | Not for loan | Collection code | Home library | Current library | Shelving location | Date acquired | Source of acquisition | Inventory number | Total Checkouts | Full call number | Barcode | Date last seen | Date last checked out | Price effective from | Koha item type |
|---|---|---|---|---|---|---|---|---|---|---|---|---|---|---|---|---|---|---|
| Dewey Decimal Classification | General | Biblioteca Karol Wojtyla | Biblioteca Karol Wojtyla | Sala general | 03/12/2013 | Compra | 151000000000000000013303 | 658.4094 BLA | 53483 | 05/01/2026 | 07/10/2014 | 03/12/2013 | Libro |